| 000 | 00409nam a2200121Ia 4500 | ||
|---|---|---|---|
| 008 | 220620s9999||||xx |||||||||||||| ||und|| | ||
| 100 | _aAssoc. Lilyana D. Pramatarova | ||
| 245 | 0 | _aOn Biomimetics | |
| 546 | _aEnglish[eng] | ||
| 650 | _aBiomedical Engineering||Engineering||Physical Sciences||Engineering and Technology||Biomimetics | ||
| 856 | _uhttps://www.intechopen.com/books/on-biomimetics | ||
| 942 | _cEB | ||
| 999 |
_c30797 _d30797 |
||